Adivina marcas Argentinas #5 - Estadísticas

Estadísticas generales
  • Esta prueba ha sido intentada 25 veces
  • La puntuación promedio es 10 de 24
Estadísticas de respuestas
Imagen Respuesta % Correcto
Fuyí
95%
Olga
77%
Banelco
73%
Rapicuotas
73%
Vía Bariloche
73%
Georgalos
68%
Libertad
68%
Yaguar
64%
Buquebus
59%
Don Satur
45%
Catena Zapata
36%
Corven
36%
Menoyo
32%
Sinteplast
32%
Esco
27%
Loteria Chaqueña
27%
Kdy
18%
Ospat
18%
Parque de la costa
18%
Ruge
18%
Vosa
18%
Diario Uno
14%
La Union
14%
Termolar
14%
No se encontraron pruebas coincidentes
Distribución de puntuación
Porcentaje de gente con cada puntuación
Porcentaje por número respondido
Historial de tus puntuaciones
No has intentado esta prueba.